[Event "Oberliga Nord W 1314"]
[Site "Germany"]
[Date "2014.01.19"]
[Round "5.5"]
[White "Fridinski, Michael"]
[Black "Schulze, Torben"]
[Result "0-1"]
[WhiteElo "2250"]
[BlackElo "2260"]
[PlyCount "66"]
[EventDate "2013.10.13"]
[EventType "team-tourn"]
[EventRounds "9"]
[EventCountry "GER"]
[SourceTitle "EXT 2015"]
[Source "ChessBase"]
[SourceDate "2014.11.20"]
[SourceVersion "1"]
[SourceVersionDate "2014.11.20"]
[SourceQuality "1"]
[WhiteTeam "Lueneburg Turm"]
[BlackTeam "Hannover"]
[WhiteTeamCountry "GER"]
[BlackTeamCountry "GER"]

1. e4 c5 2. Nf3 Nc6 3. d4 cxd4 4. Nxd4 Nf6 5. Nc3 e5 6. Ndb5 d6 7. Bg5 a6 8. Bxf6 gxf6 9. Na3 b5 10. Nd5 f5 11. Bd3 Be6 12. 0-0 Bxd5 13. exd5 Ne7 14. c4 Bg7 15. cxb5 e4 16. Be2 Bxb2 17. bxa6 0-0 18. Nc4 Bxa1 19. Qxa1 Nxd5 20. Rd1 Nf4 21. Bf1 Rxa6 22. Ne3 Ra5 23. g3 Ng6 24. Nc4 Rc5 25. Qd4 Qg5 26. Nxd6 Rc2 27. Bc4 e3 28. fxe3 Qh5 29. Rd2 Rc1+ 30. Kg2 f4 31. Be2 Nh4+ 32. gxh4 Qg6+ 33. Kh3 Rg1 0-1